|
|
|
|
| LEADER |
00741nam a22002171a 4500 |
| 020 |
|
|
|c 0.00
|
| 040 |
|
|
|a SSUS - Library - Kalady
|
| 082 |
|
|
|a H 398.209 548 3
|b ELA/K
|
| 100 |
|
|
|a Elayidom N R
|
| 245 |
|
|
|a Kerala ki sanskriti par kerala ki lokgeethom ka prabhav
|h [Text]
|
| 260 |
|
|
|a Mathura
|b Jawahar Pustakalaya
|c 1991
|
| 300 |
|
|
|a 238p.
|
| 600 |
|
|
|a Folklore
|
| 600 |
|
|
|a Folk Literature
|
| 600 |
|
|
|a Folk Songs Study
|
| 600 |
|
|
|a Folklore Culture Hindi
|
| 600 |
|
|
|a Social Sciences
|
| 852 |
|
|
|h H 398.209 548 3
|i ELA/K
|p 034537
|9 100.00
|t 0
|
| 942 |
|
|
|c BK
|
| 999 |
|
|
|c 23824
|d 23824
|
| 952 |
|
|
|0 0
|1 0
|4 0
|6 H_398_209000000000000_548_3_ELA_K
|7 0
|9 33970
|a SSUS
|b SSUS
|d 2015-01-08
|g 100.00
|o H 398.209 548 3 ELA/K
|p 034537
|r 2015-01-08
|v 0.00
|w 2015-01-08
|y BK
|